| 000 | 00542nam a2200181Ia 4500 | ||
|---|---|---|---|
| 003 | IN-BaIIA | ||
| 008 | 211028s9999 xx 000 0 eng d | ||
| 020 | _a0-07-007979-X | ||
| 040 | _cIIA Library | ||
| 080 |
_a517.9 _bBRO |
||
| 100 |
_aBronson, Richard _911661 |
||
| 245 | 0 |
_a2500 solved problems in differential equations _cRichard Bronson |
|
| 260 |
_aNew York _bMcGraw-Hill _c1989 |
||
| 300 | _aiv, 440p. | ||
| 650 |
_aDifferential equations _91510 |
||
| 650 | _aNASA Thesaurus | ||
| 942 | _cBK | ||
| 999 |
_c11091 _d11091 |
||